| 000 | 00661nam a22001457a 4500 | ||
|---|---|---|---|
| 008 | 100708t2002 cai||||gr|||| 00| 0 ara d | ||
| 082 |
_222 _a612.803 _bف ى ا |
||
| 100 |
_916112 _aفياض ،سليمان |
||
| 245 |
_a /معجم الإبصار و المبصرات _cسليمان فياض . |
||
| 260 |
_aالقاهرة: _bالمجلس الأعلى للثقافة، _c2002. |
||
| 300 |
_a354؛ص _c24سم. |
||
| 650 |
_916113 _aالإبصار _vمعاجم |
||
| 942 |
_2ddc _cBB |
||
| 999 |
_c14448 _d14448 |
||